Research methods in human rights : (Record no. 53252)

MARC details
000 -LEADER
fixed length control field 00621nam a2200217Ia 4500
005 - DATE AND TIME OF LATEST TRANSACTION
control field 20260429112255.0
008 - FIXED-LENGTH DATA ELEMENTS--GENERAL INFORMATION
fixed length control field 260429s9999||||xx |||||||||||||| ||und||
020 ## - INTERNATIONAL STANDARD BOOK NUMBER
International Standard Book Number 9781803922607
041 ## - LANGUAGE CODE
Language English
082 ## - DEWEY DECIMAL CLASSIFICATION NUMBER
Classification number 323.07
Item number AND
100 ## - MAIN ENTRY--PERSONAL NAME
Personal name Andreassen, Bard A.
245 #0 - TITLE STATEMENT
Title Research methods in human rights :
Remainder of title a handbook /
Statement of responsibility, etc Bard A. Andreassen
250 ## - EDITION STATEMENT
Edition statement 2nd ed.
260 ## - PUBLICATION, DISTRIBUTION, ETC. (IMPRINT)
Place of publication, distribution, etc United Kingdom :
Name of publisher, distributor, etc Edward Elgar Publishing,
Date of publication, distribution, etc 2024.
300 ## - PHYSICAL DESCRIPTION
Extent xii, 399 p.; hb
650 ## - SUBJECT ADDED ENTRY--TOPICAL TERM
Topical term or geographic name as entry element Research methods
650 ## - SUBJECT ADDED ENTRY--TOPICAL TERM
Topical term or geographic name as entry element Human rights
700 ## - ADDED ENTRY--PERSONAL NAME
Personal name O'Brien, Claire Methven
700 ## - ADDED ENTRY--PERSONAL NAME
Personal name Sano, Hans-Otto
942 ## - ADDED ENTRY ELEMENTS (KOHA)
Koha item type Text Books
Holdings
Withdrawn status Lost status Damaged status Not for loan Collection code Home library Location Shelving location Date of Cataloging Source of acquisition Total Checkouts Full call number Barcode Date last seen Price effective from Koha item type
        Non-fiction CUTN Central Library CUTN Central Library Social Sciences 29/04/2026 Segment Book Distributors, New Delhi - Invoice No. 71459 on 09-02-2026   323.07 AND 58580 29/04/2026 29/04/2026 Text Books